[Event "AUT Bundesliga 2021-22"]
[Site "Graz"]
[Date "2021.11.04"]
[Round "1.24"]
[White "de Francesco, Klaus"]
[Black "Freitag, Manfred"]
[Result "1/2-1/2"]
[WhiteElo "2178"]
[BlackElo "2364"]
[Annotator "NA"]
[PlyCount "93"]
[EventDate "2021.01.17"]
[EventType "team-tourn"]
[EventCountry "AUT"]
[SourceTitle "playchess.com"]
[Source "ChessBase"]
[SourceQuality "1"]
[TimeControl "40/5400+30:1800+30"]

1. d4 {[%emt 0:00:04]} Nf6 {[%emt 0:00:11]} 2. Bg5 {[%emt 0:00:08]} d5 {[%emt 0:00:05]} 3. e3 {[%emt 0:00:10]} c5 {[%emt 0:00:17]} 4. Bxf6 {[%emt 0:00:15]} gxf6 {[%emt 0:00:17]} 5. Nc3 {[%emt 0:00:14]} e6 {[%emt 0:01:29]} 6. Qh5 {[%emt 0:00:55]} cxd4 {[%emt 0:08:08]} 7. exd4 {[%emt 0:00:30]} Nc6 {[%emt 0:00:04]} 8. Nf3 {[%emt 0:00:27]} Bb4 {[%emt 0:07:21]} 9. Bb5 {[%emt 0:05:03]} Bd7 {[%emt 0:18:24]} 10. O-O {[%emt 0:01:15]} Bxc3 {[%emt 0:06:24]} 11. bxc3 {[%emt 0:00:18]} Na5 {[%emt 0:00:06]} 12. Bd3 {[%emt 0:03:36]} Qe7 {[%emt 0:05:25]} 13. Rfe1 {[%emt 0:00:51]} O-O-O {[%emt 0:00:32]} 14. Qxd5 {[%emt 0:01:45]} exd5 {[%emt 0:10:32]} 15. Rxe7 {[%emt 0:00:22]} Be6 {[%emt 0:00:02]} 16. Rb1 {[%emt 0:02:35]} Kb8 {[%emt 0:00:07]} 17. Ba6 {[%emt 0:05:04]} Rhe8 {[%emt 0:17:28]} 18. Rxe8 {[%emt 0:04:40]} Rxe8 {[%emt 0:00:02]} 19. Bd3 {[%emt 0:01:03]} h6 {[%emt 0:00:03]} 20. Nh4 {[%emt 0:02:04]} Rc8 {[%emt 0:01:06]} 21. f4 {[%emt 0:01:06]} Rxc3 {[%emt 0:00:18]} 22. f5 {[%emt 0:00:26]} Bd7 {[%emt 0:00:09]} 23. g4 {[%emt 0:03:25]} Ba4 {[%emt 0:01:44]} 24. Re1 {[%emt 0:01:22]} Nc6 {[%emt 0:02:45]} 25. Re8+ {[%emt 0:02:36]} Kc7 {[%emt 0:00:01]} 26. Rf8 {[%emt 0:00:28]} Nd8 {[%emt 0:00:21]} 27. Rh8 {[%emt 0:00:32]} Bxc2 {[%emt 0:00:08]} 28. Bxc2 {[%emt 0:00:15]} Rxc2 {[%emt 0:00:01]} 29. Rxh6 {[%emt 0:00:13]} Rxa2 {[%emt 0:00:37]} 30. Rxf6 {[%emt 0:00:18]} Re2 {[%emt 0:00:43]} 31. g5 {[%emt 0:01:15]} a5 {[%emt 0:00:27]} 32. g6 {[%emt 0:01:08]} fxg6 {[%emt 0:00:47]} 33. fxg6 {[%emt 0:00:12]} Ne6 {[%emt 0:18:15]} 34. g7 {[%emt 0:05:36]} Nxg7 {[%emt 0:00:11]} 35. Rf7+ {[%emt 0:00:04]} Kc6 {[%emt 0:00:59]} 36. Rxg7 {[%emt 0:00:07]} a4 {[%emt 0:00:03]} 37. Rg3 {[%emt 0:05:06]} Kb5 {[%emt 0:00:40]} 38. Nf5 {[%emt 0:01:35]} Ka5 {[%emt 0:02:02]} 39. Ne3 {[%emt 0:11:55]} b5 {[%emt 0:01:11]} 40. Nxd5 {[%emt 0:00:00]} Re6 {[%emt 0:00:00]} 41. Nc3 {[%emt 0:05:23]} Rd6 {[%emt 0:00:47]} 42. Rg5 {[%emt 0:02:20]} Rb6 {[%emt 0:10:18]} 43. Kf2 {[%emt 0:02:51]} a3 {[%emt 0:02:20]} 44. Ke3 {[%emt 0:00:32]} Ka6 {[%emt 0:00:44]} 45. Kd3 {[%emt 0:00:49]} Rh6 {[%emt 0:02:44]} 46. Rxb5 {[%emt 0:10:30]} a2 {[%emt 0:00:37]} 47. Ke4 1/2-1/2

[Event "AUT Bundesliga 2021-22"]
[Site "Graz"]
[Date "2022.03.24"]
[Round "5.1"]
[White "Haba, Petr"]
[Black "Rozentalis, Eduardas"]
[Result "1/2-1/2"]
[WhiteElo "2441"]
[BlackElo "2542"]
[Annotator "TA"]
[PlyCount "60"]
[EventDate "2021.11.04"]
[EventType "team-tourn"]
[EventCountry "AUT"]
[SourceTitle "playchess.com"]
[Source "ChessBase"]
[SourceQuality "1"]

{[%evp 9,60,38,45,23,22,29,38,42,32,37,44,0,0,6,13,8,11,10,29,14,36,35,34,43,45,29,29,20,28,12,15,17,46,36,65,18,27,0,0,0,0,0,0,0,0,0,10,9,9,0,0,0,0]} 1. e4 Nf6 2. e5 Nd5 3. d4 d6 4. Nf3 dxe5 5. Nxe5 c6 6. h3 {B04: Alekhine's Defence: 4 Nf3.} g6 7. Bc4 Bg7 8. O-O {White is slightly better.} O-O 9. Re1 {[#]} Qc7 $146 ({Predecessor:} 9... Nd7 10. Nf3 e6 11. Bg5 Qc7 12. Qc1 b5 13. Bxd5 cxd5 14. Bf4 Qb6 15. Bh6 Bb7 16. Bxg7 Kxg7 {½-½ (62) Alekseenko,K (2699)-Kamsky,G (2658) Biel 2021}) 10. Qf3 Nd7 11. Nxd7 Bxd7 12. c3 e6 13. Nd2 {[%cal Bb1d2,Bd2e4,Be4g3][%mdl 32]} Rae8 14. Ne4 b6 (14... e5 $5 {[%cal Re5d4]}) 15. Bd2 {[%cal Bc1d2,Bd2f4,Bf4d6,Bd6a3][%mdl 32]} f5 16. Ng3 Kh8 17. Bxd5 exd5 18. Bf4 Qd8 19. Bd6 Rg8 20. Qf4 g5 21. Qf3 Re6 22. Rxe6 {White is more active.} (22. Be5 $14 {deserves consideration.}) 22... Bxe6 $11 23. Ba3 f4 {The position is equal.} 24. Nh5 Bf7 25. Nxg7 Kxg7 26. Re1 {[#] aiming for Be7.} Re8 {Prevents Be7.} 27. Qd1 Rxe1+ 28. Qxe1 Qf6 29. f3 Qe6 30. Qxe6 Bxe6 {Weighted Error Value: White=0.07 (flawless) /Black=0.06 (flawless)} 1/2-1/2

[Event "AUT Bundesliga 2021-22"]
[Site "Graz"]
[Date "2022.03.24"]
[Round "5.2"]
[White "Schneider, Ilja"]
[Black "Kilgus, Georg"]
[Result "1-0"]
[WhiteElo "2482"]
[BlackElo "2415"]
[Annotator "TA"]
[PlyCount "103"]
[EventDate "2021.11.04"]
[EventType "team-tourn"]
[EventCountry "AUT"]
[SourceTitle "playchess.com"]
[Source "ChessBase"]
[SourceQuality "1"]

{[%evp 19,103,0,-8,-20,0,-18,-25,-25,-24,-34,29,16,45,37,31,29,23,0,116,125,142,125,187,11,17,17,17,20,21,23,58,37,66,67,67,66,56,54,48,45,36,41,246,72,360,297,317,0,0,0,0,0,0,0,0,-123,0,0,0,0,0,0,0,0,0,0,0,0,4,4,40,45,255,255,255,255,1460,818,7879,7642,8747,8747,6077,5629,4627,824]} 1. e4 e6 2. d4 d5 3. e5 c5 4. c3 Nc6 5. Nf3 Nge7 6. Bd3 cxd4 7. cxd4 Nf5 8. Bxf5 exf5 9. Nc3 Be6 10. O-O Be7 11. b3 {C02: French: Advance Variation.} Rc8 12. Bb2 {[#]} f4 $146 ({Predecessor:} 12... g5 13. Ne2 f4 14. Ne1 Bf5 15. Qd2 Kd7 16. Nd3 Be6 17. Rac1 b6 18. Rc3 f3 19. gxf3 {1-0 (44) Zlatkov,A (1802)-Farmakoski,G (1411) Skopje 2019}) 13. Ne1 {Black has an edge.} g5 14. Nd3 h5 (14... O-O $15) 15. Nb5 a6 16. Nd6+ Bxd6 17. exd6 Qxd6 18. a4 b6 (18... f6 $11 {remains equal.}) 19. Ba3 Qd7 20. Re1 f6 (20... Kd8 $16 {was called for.}) 21. Bc5 $2 Kf7 $11 (21... bxc5 $2 22. Nxc5 Qh7 23. Nxe6 $18 (23. Rxe6+ Kf7 $16)) 22. Bxb6 {Threatens to win with Nc5.} Bf5 {aiming for ...Bxd3.} 23. Nc5 {[%csl LRa6,LRd7]} Qd6 24. a5 (24. Nxa6 Nb8 25. Nc7 Qxb6 $17) 24... Nb8 25. Rc1 $36 {[%mdl 2048] White fights for an advantage.} h4 26. Nb7 $1 {White is more active.} Qd7 {White must now prevent ...Rxc1.} 27. Rxc8 Rxc8 28. Nc5 Qc6 29. Qh5+ Bg6 $1 30. Qe2 Bf5 $2 (30... Kg8 $1 $14) 31. b4 $2 (31. Nxa6 Nxa6 32. Qxa6 Qc3 $11) (31. Qe7+ $1 $18 {and the rest is easy.} Kg8 32. Nb7) 31... h3 $2 {[%mdl 8192]} (31... Qd6 $16 {keeps fighting.}) 32. g4 $18 {Dancing on a razor blade.} (32. Nxa6 $2 Nxa6 33. Qxa6 hxg2 $17) (32. b5 axb5 33. Qe7+ Kg8 $18) 32... fxg3 33. fxg3 (33. b5 gxh2+ 34. Kh1 Qd6 35. Qh5+ (35. Nxa6 Be4+ 36. f3 Rc2) (35. bxa6 Nxa6 36. Qf3 Kg6 $15) 35... Kg7 $15) (33. Qe7+ $1 $18 Kg8 34. hxg3 (34. fxg3 Nd7 $11)) 33... Kg6 $11 34. g4 Be4 35. Qf1 (35. Nxa6 $2 Nxa6 36. Bc5 (36. b5 $2 Qd7 $19) 36... Rb8 $19) 35... Nd7 36. Nxe4 dxe4 37. d5 (37. Qxh3 Nxb6 38. axb6 Qxb6 $15) (37. Qf5+ $11 {keeps the balance.} Kg7 38. d5 (38. Rxe4 $2 Re8 $19) (38. Qxe4 Nxb6 39. axb6 Qxb6 $17)) 37... Qd6 (37... Qxd5 $17 {Hoping for ...Rc3.} 38. Rd1 (38. Be3 $2 Rc3 $19) 38... Qa2 $1) 38. Qf5+ $1 (38. Qxh3 $2 Qxd5 39. Qf1 Qe6 $19) 38... Kh6 39. Bc5 Rxc5 40. bxc5 Qxc5+ {[%mdl 4096] Endgame KQR-KQN} 41. Kh1 Qxa5 42. Qxe4 Qd2 43. Rf1 a5 44. Qf3 Kg6 45. Rd1 Qc2 {[#] Inhibits Qf5+.} (45... Qb4 $14) 46. Qd3+ $1 $18 Qxd3 47. Rxd3 {KR-KN} f5 $2 (47... Kf7 48. Rxh3 Nb6 49. Rh7+ Kg6) 48. Rxh3 {White is clearly winning.} fxg4 49. Re3 Kf6 50. Kg2 a4 51. Kg3 Kf5 52. d6 {Weighted Error Value: White=0.30/Black=0.53} 1-0

[Event "AUT Bundesliga 2021-22"]
[Site "Graz"]
[Date "2022.03.24"]
[Round "5.3"]
[White "Schwabeneder, Florian"]
[Black "Atlas, Valery"]
[Result "0-1"]
[WhiteElo "2437"]
[BlackElo "2423"]
[Annotator "NA"]
[PlyCount "64"]
[EventDate "2021.11.04"]
[EventType "team-tourn"]
[EventCountry "AUT"]
[SourceTitle "playchess.com"]
[Source "ChessBase"]
[SourceQuality "1"]
[TimeControl "40/5400+30:1800+30"]

1. c4 {[%emt 0:00:06]} Nf6 {[%emt 0:00:18]} 2. g3 {[%emt 0:00:53]} c5 {[%emt 0:00:50]} 3. Bg2 {[%emt 0:00:22]} Nc6 {[%emt 0:00:37]} 4. Nc3 {[%emt 0:03:54]} g6 {[%emt 0:00:33]} 5. Nf3 {[%emt 0:00:38]} e5 {[%emt 0:00:13]} 6. O-O {[%emt 0:02:00]} Bg7 {[%emt 0:00:08]} 7. d3 {[%emt 0:05:04]} O-O {[%emt 0:00:30]} 8. a3 {[%emt 0:09:34]} d6 {[%emt 0:00:34]} 9. Rb1 {[%emt 0:02:18]} a5 {[%emt 0:00:23]} 10. Bg5 {[%emt 0:07:37]} h6 {[%emt 0:00:36]} 11. Bxf6 {[%emt 0:00:07]} Bxf6 {[%emt 0:00:16]} 12. Nd5 {[%emt 0:11:47]} Bg7 {[%emt 0:00:50]} 13. b4 {[%emt 0:03:44]} axb4 $14 {[%emt 0:10:02]} 14. axb4 {[%emt 0:00:14]} cxb4 {[%emt 0:00:15]} 15. Nxb4 {[%emt 0:01:19]} Ne7 {[%emt 0:03:13]} 16. Nd2 {[%emt 0:04:28]} f5 {[%emt 0:05:23]} 17. Nd5 {[%emt 0:01:49]} Ra7 {[%emt 0:01:51]} 18. Nxe7+ {[%emt 0:03:46]} Qxe7 {[%emt 0:00:06]} 19. Rb5 {[%emt 0:05:55]} h5 {[%emt 0:05:41]} 20. e3 {[%emt 0:19:03]} Kh8 {[%emt 0:17:26]} 21. Qb3 {[%emt 0:07:16]} f4 22. Rb1 fxe3 {[%emt 0:04:04]} 23. fxe3 {[%emt 0:00:33]} Bh6 {[%emt 0:00:48]} 24. Nf1 {[%emt 0:01:16]} Qf6 {[%emt 0:03:50]} 25. Qc2 {[%emt 0:00:47]} h4 {[%emt 0:03:50]} 26. Qe2 {[%emt 0:04:27]} h3 {[%emt 0:01:43]} 27. Be4 {[%emt 0:00:32]} Bg4 {[%emt 0:11:37]} 28. Qd2 {[%emt 0:00:30]} b6 {[%emt 0:00:41]} 29. Bd5 {[%emt 0:00:43]} Bf3 {[%emt 0:02:48]} 30. Rxb6 {[%emt 0:02:27]} Bxd5 {[%emt 0:00:37]} 31. cxd5 {[%emt 0:00:00]} Raf7 32. Qe2 Qxf1+ {[%emt 0:02:02]} 0-1

[Event "AUT Bundesliga 2021-22"]
[Site "Graz"]
[Date "2022.03.24"]
[Round "5.4"]
[White "Baenziger, Fabian"]
[Black "Leisch, Lukas"]
[Result "1/2-1/2"]
[WhiteElo "2418"]
[BlackElo "2403"]
[Annotator "NA"]
[PlyCount "60"]
[EventDate "2021.11.04"]
[EventType "team-tourn"]
[EventCountry "AUT"]
[SourceTitle "playchess.com"]
[Source "ChessBase"]
[SourceQuality "1"]
[TimeControl "40/5400+30:1800+30"]

1. d4 {[%emt 0:00:04]} d5 {[%emt 0:00:07]} 2. c4 {[%emt 0:00:07]} c6 {[%emt 0:00:06]} 3. Nf3 {[%emt 0:00:27]} Nf6 {[%emt 0:00:08]} 4. e3 {[%emt 0:00:21]} e6 $11 {[%emt 0:00:12]} 5. Bd3 {[%emt 0:01:16]} dxc4 {[%emt 0:08:15]} 6. Bxc4 {[%emt 0:00:07]} b5 {[%emt 0:00:05]} 7. Be2 {[%emt 0:02:23]} a6 {[%emt 0:07:21]} 8. O-O {[%emt 0:04:12]} Nbd7 {[%emt 0:02:54]} 9. a4 {[%emt 0:09:59]} Bb7 {[%emt 0:05:42]} 10. Nbd2 {[%emt 0:01:04]} Bd6 {[%emt 0:03:32]} 11. Ng5 {[%emt 0:23:58]} O-O {[%emt 0:03:45]} 12. Bf3 {[%emt 0:15:48]} Qc7 {[%emt 0:07:39]} 13. h3 {[%emt 0:00:23]} c5 {[%emt 0:05:05]} 14. Bxb7 {[%emt 0:06:15]} Qxb7 {[%emt 0:00:12]} 15. axb5 {[%emt 0:00:19]} axb5 {[%emt 0:00:48]} 16. Rxa8 {[%emt 0:00:05]} Rxa8 {[%emt 0:00:29]} 17. Nge4 {[%emt 0:04:52]} Nxe4 {[%emt 0:07:43]} 18. Nxe4 {[%emt 0:00:57]} Qxe4 {[%emt 0:00:11]} 19. dxc5 {[%emt 0:00:05]} Bh2+ {[%emt 0:07:24]} 20. Kxh2 {[%emt 0:00:39]} Nxc5 {[%emt 0:00:06]} 21. Qd6 {[%emt 0:22:11]} Qd3 {[%emt 0:02:22]} 22. Rd1 {[%emt 0:00:04]} Qxd6+ {[%emt 0:00:06]} 23. Rxd6 {[%emt 0:00:03]} Kf8 {[%emt 0:12:41]} 24. Bd2 {[%emt 0:02:18]} Ne4 {[%emt 0:01:00]} 25. Rd4 {[%emt 0:00:05]} Nxd2 {[%emt 0:01:16]} 26. Rxd2 {[%emt 0:00:04]} Ke7 {[%emt 0:00:09]} 27. Kg3 {[%emt 0:00:20]} Rc8 {[%emt 0:02:52]} 28. Kf3 {[%emt 0:02:00]} Rc1 {[%emt 0:01:46]} 29. Ke2 {[%emt 0:01:17]} Rg1 {[%emt 0:00:21]} 30. Kf3 {[%emt 0:00:04]} Rc1 {[%emt 0:00:05]} 1/2-1/2

[Event "AUT Bundesliga 2021-22"]
[Site "Graz"]
[Date "2022.03.24"]
[Round "5.5"]
[White "Singer, Christoph"]
[Black "Fecker, Noah"]
[Result "1/2-1/2"]
[WhiteElo "2345"]
[BlackElo "2328"]
[Annotator "NA"]
[PlyCount "82"]
[EventDate "2021.11.04"]
[EventType "team-tourn"]
[EventCountry "AUT"]
[SourceTitle "playchess.com"]
[Source "ChessBase"]
[SourceQuality "1"]
[TimeControl "40/5400+30:1800+30"]

1. Nf3 {[%emt 0:00:38]} c5 {[%emt 0:00:05]} 2. e3 {[%emt 0:00:56]} Nc6 {[%emt 0:02:06]} 3. d4 {[%emt 0:00:53]} cxd4 {[%emt 0:02:51]} 4. exd4 {[%emt 0:00:14]} d5 {[%emt 0:00:09]} 5. c3 {[%emt 0:01:18]} Nf6 {[%emt 0:04:48]} 6. Bf4 {[%emt 0:02:12]} g6 {[%emt 0:07:23]} 7. Bd3 {[%emt 0:01:50]} Bg7 {[%emt 0:00:40]} 8. O-O {[%emt 0:02:18]} O-O {[%emt 0:01:03]} 9. Nbd2 {[%emt 0:05:52]} Bf5 {[%emt 0:03:12]} 10. Bxf5 {[%emt 0:00:20]} gxf5 {[%emt 0:00:02]} 11. Ne5 {[%emt 0:00:34]} e6 {[%emt 0:04:49]} 12. Nd3 {[%emt 0:09:28]} Ne4 {[%emt 0:08:55]} 13. f3 {[%emt 0:08:35]} Nxd2 {[%emt 0:07:21]} 14. Qxd2 {[%emt 0:00:24]} Ne7 {[%emt 0:02:55]} 15. Bh6 {[%emt 0:08:45]} Ng6 {[%emt 0:01:44]} 16. Kh1 {[%emt 0:02:26]} Bxh6 {[%emt 0:08:22]} 17. Qxh6 {[%emt 0:00:13]} Qh4 {[%emt 0:02:13]} 18. Qxh4 {[%emt 0:06:17]} Nxh4 {[%emt 0:00:01]} 19. a4 {[%emt 0:01:04]} Rfe8 {[%emt 0:11:47]} 20. a5 {[%emt 0:09:45]} Re7 {[%emt 0:00:47]} 21. Ra4 {[%emt 0:03:25]} Kf8 {[%emt 0:02:59]} 22. Rb4 {[%emt 0:02:02]} Rc8 {[%emt 0:01:11]} 23. Ra1 {[%emt 0:04:36]} Ke8 {[%emt 0:01:32]} 24. Kg1 {[%emt 0:01:39]} Kd8 {[%emt 0:01:58]} 25. Kf2 {[%emt 0:03:25]} Rcc7 {[%emt 0:01:03]} 26. Ra3 {[%emt 0:07:25]} Kc8 {[%emt 0:03:03]} 27. Rab3 {[%emt 0:00:24]} Ng6 {[%emt 0:03:25]} 28. g3 {[%emt 0:05:21]} f6 {[%emt 0:07:48]} 29. Rb5 {[%emt 0:04:58]} Rg7 {[%emt 0:04:35]} 30. Nc5 {[%emt 0:01:23]} Rge7 {[%emt 0:00:05]} 31. Nd3 {[%emt 0:00:19]} Rg7 {[%emt 0:00:09]} 32. Nc5 {[%emt 0:00:05]} Rge7 {[%emt 0:00:02]} 33. a6 {[%emt 0:03:54]} b6 {[%emt 0:00:31]} 34. Nd3 {[%emt 0:00:19]} Kd7 {[%emt 0:01:08]} 35. Ra3 {[%emt 0:00:26]} Kd6 {[%emt 0:00:46]} 36. Nb4 {[%emt 0:00:48]} h5 {[%emt 0:01:30]} 37. Ra1 {[%emt 0:00:06]} h4 {[%emt 0:02:36]} 38. Nd3 {[%emt 0:02:49]} Rh7 {[%emt 0:01:22]} 39. Ke3 {[%emt 0:01:12]} hxg3 {[%emt 0:01:13]} 40. hxg3 {[%emt 0:00:00]} Kc6 {[%emt 0:00:00]} 41. Rb4 {[%emt 0:08:13]} Kd6 {[%emt 0:06:20]} 1/2-1/2

[Event "AUT Bundesliga 2021-22"]
[Site "Graz"]
[Date "2022.03.24"]
[Round "5.6"]
[White "Novkovic, Milan"]
[Black "Webersberger, Johann"]
[Result "1/2-1/2"]
[WhiteElo "2360"]
[BlackElo "2321"]
[Annotator "NA"]
[PlyCount "60"]
[EventDate "2021.11.04"]
[EventType "team-tourn"]
[EventCountry "AUT"]
[SourceTitle "playchess.com"]
[Source "ChessBase"]
[SourceQuality "1"]
[TimeControl "40/5400+30:1800+30"]

1. d4 {[%emt 0:00:06]} g6 {[%emt 0:00:04]} 2. c4 {[%emt 0:01:59]} d6 {[%emt 0:00:05]} 3. e4 {[%emt 0:01:25]} e5 {[%emt 0:00:05]} 4. Nf3 {[%emt 0:01:33]} exd4 {[%emt 0:06:33]} 5. Nxd4 {[%emt 0:00:15]} Bg7 {[%emt 0:00:05]} 6. Nc3 {[%emt 0:01:10]} Nc6 {[%emt 0:02:50]} 7. Be3 {[%emt 0:00:42]} Nge7 {[%emt 0:12:11]} 8. Qd2 {[%emt 0:01:05]} O-O {[%emt 0:08:21]} 9. Be2 {[%emt 0:02:14]} f5 {[%emt 0:00:35]} 10. exf5 {[%emt 0:03:40]} Bxd4 {[%emt 0:05:17]} 11. Bxd4 {[%emt 0:00:13]} Nxf5 {[%emt 0:00:11]} 12. Be3 {[%emt 0:00:15]} Nxe3 {[%emt 0:02:03]} 13. Qxe3 {[%emt 0:00:14]} Qf6 $14 {[%emt 0:08:28]} 14. O-O {[%emt 0:07:05]} Bf5 {[%emt 0:04:40]} 15. Qd2 {[%emt 0:07:15]} Nd4 {[%emt 0:18:47]} 16. Rad1 {[%emt 0:07:00]} c5 {[%emt 0:17:49]} 17. Nb5 {[%emt 0:23:20]} Nxb5 {[%emt 0:00:24]} 18. cxb5 {[%emt 0:02:17]} Rad8 {[%emt 0:00:00]} 19. Bf3 {[%emt 0:06:53]} b6 {[%emt 0:01:51]} 20. Rfe1 {[%emt 0:01:49]} Kg7 {[%emt 0:00:57]} 21. Bd5 {[%emt 0:06:16]} Rfe8 {[%emt 0:02:49]} 22. h3 {[%emt 0:03:56]} Be6 {[%emt 0:01:32]} 23. b3 {[%emt 0:03:51]} Bxd5 {[%emt 0:00:34]} 24. Qxd5 {[%emt 0:01:26]} Qf7 {[%emt 0:01:21]} 25. Rxe8 {[%emt 0:02:07]} Qxe8 {[%emt 0:00:02]} 26. Qc4 {[%emt 0:02:55]} d5 {[%emt 0:01:27]} 27. Rxd5 {[%emt 0:00:55]} Qe1+ {[%emt 0:00:03]} 28. Kh2 {[%emt 0:00:05]} Rxd5 {[%emt 0:00:08]} 29. Qxd5 {[%emt 0:00:05]} Qxf2 {[%emt 0:00:04]} 30. Qd7+ {[%emt 0:03:31]} Kh6 {[%emt 0:00:12]} 1/2-1/2

[Event "AUT Bundesliga 2021-22"]
[Site "Graz"]
[Date "2022.03.24"]
[Round "5.7"]
[White "Sadhwani, Raunak"]
[Black "Abasov, Nijat"]
[Result "1/2-1/2"]
[WhiteElo "2616"]
[BlackElo "2630"]
[Annotator "TA"]
[PlyCount "96"]
[EventDate "2021.11.04"]
[EventType "team-tourn"]
[EventCountry "AUT"]
[SourceTitle "playchess.com"]
[Source "ChessBase"]
[SourceQuality "1"]

{[%evp 22,96,25,39,34,22,20,20,22,20,41,22,25,8,31,43,44,39,33,43,41,36,34,10,13,7,7,14,6,5,10,0,0,0,0,-8,-8,-12,-8,-8,-7,-9,-8,-8,0,0,0,0,0,0,0,0,0,0,0,0,0,0,0,0,0,0,0,0,0,0,0,0,0,0,0,0,0,0,0,0,0]} 1. e4 c5 2. Nf3 e6 3. d4 cxd4 4. Nxd4 Nc6 5. Nc3 Nf6 6. Nxc6 bxc6 7. e5 Nd5 8. Ne4 Qc7 9. f4 Qb6 10. c4 Bb4+ 11. Ke2 f5 12. exf6 Nxf6 {[#] B45: Sicilian Four Knights.} 13. Be3 $1 {Chess con chili.} Qd8 14. Nd6+ Bxd6 15. Qxd6 Bb7 {[%cal Oc6c5]} 16. Rd1 Rc8 {[%cal Oc6c5]} 17. g4 {[#] g5 is the strong threat.} Qc7 $146 (17... c5 $5 {[%cal Rb7h1]} 18. Rg1 Qc7 $11) ({Predecessor:} 17... c5 18. Rg1 Rf8 19. Bg2 Bxg2 20. Rxg2 Rf7 21. Kf1 Qb6 22. Kg1 Rc6 23. Qd3 d5 {½-½ (58) Najer,E (2654)-Caruana,F (2800) Riga 2021}) 18. Bc5 {[%csl Gc5][%cal Rd6e7] [#]} ({But not} 18. Bxa7 Qxd6 19. Rxd6 c5 $15) 18... Qxd6 19. Bxd6 Nxg4 20. Rg1 Nh6 21. Rxg7 Nf5 22. Rg1 Nxd6 {The position is equal.} 23. Rxd6 Ke7 24. Rd3 {aiming for Rg7+.} Rcg8 {To avoid Rg7+} 25. Rxg8 Rxg8 $11 {[%mdl 4096] Endgame KRB-KRB} 26. Ra3 c5 $1 27. Rxa7 Bg2 28. Ra3 Rg4 {And now ...Bxf1+ would win.} 29. Rc3 Bxf1+ 30. Kxf1 Rxf4+ {KR-KR} 31. Ke2 Kd6 32. b3 h5 33. Rh3 h4 34. Rf3 Rg4 35. h3 Rg1 36. Rf4 Ra1 37. Rxh4 Rxa2+ 38. Kd3 Rb2 39. Kc3 Rg2 40. Rh7 Kc6 41. Rh6 Kd6 42. Rh7 Rg3+ 43. Kc2 Rf3 44. h4 Rh3 45. h5 e5 46. Rh6+ $1 Ke7 47. Rh7+ Ke6 48. Rh6+ Ke7 {Weighted Error Value: White=0.02 (flawless) /Black=0.01 (flawless)} 1/2-1/2

[Event "AUT Bundesliga 2021-22"]
[Site "Graz"]
[Date "2022.03.24"]
[Round "5.8"]
[White "Brunello, Sabino"]
[Black "Markus, Robert"]
[Result "1/2-1/2"]
[WhiteElo "2500"]
[BlackElo "2625"]
[Annotator "TA"]
[PlyCount "44"]
[EventDate "2021.11.04"]
[EventType "team-tourn"]
[EventCountry "AUT"]
[SourceTitle "playchess.com"]
[Source "ChessBase"]
[SourceQuality "1"]

{[%evp 27,44,34,30,30,30,24,41,33,35,18,44,27,45,0,37,0,48,0,29]} 1. d4 Nf6 2. Nf3 d6 3. c4 Nbd7 4. Nc3 g6 5. e4 e5 6. Be2 Bg7 7. O-O O-O 8. Re1 c6 9. Bf1 exd4 10. Nxd4 Re8 11. Rb1 Nc5 12. f3 Nfd7 13. Be3 a5 14. Qd2 a4 15. b4 {E96: King's Indian: Classical: 7...Nbd7 8 Re1 c6 9 Bf1 a5.} axb3 $1 16. axb3 Ne5 17. Red1 {White is slightly better.} Qe7 18. Bf2 Ra3 {[#]} 19. Qc1 $146 ({Predecessor:} 19. Kh1 Qf6 20. Be3 Qe7 21. Bg5 Qf8 22. Qc1 Ra8 23. Be3 Ne6 24. Nce2 Qe7 25. Nxe6 Bxe6 26. Nd4 Bd7 27. Qd2 d5 28. cxd5 cxd5 29. Nb5 dxe4 {½-½ (60) Nechaeva,M (2410)-Dordzhieva,D (2274) Yaroslavl 2018}) 19... Ra8 20. Qd2 Ra3 21. Qc1 Ra8 22. Qd2 Ra3 {Weighted Error Value: White=0.20 (precise) /Black=0.04 (flawless)} 1/2-1/2

[Event "AUT Bundesliga 2021-22"]
[Site "Graz"]
[Date "2022.03.24"]
[Round "5.9"]
[White "Korpa, Bence"]
[Black "Schreiner, Peter"]
[Result "1/2-1/2"]
[WhiteElo "2530"]
[BlackElo "2435"]
[Annotator "TA"]
[PlyCount "113"]
[EventDate "2021.11.04"]
[EventType "team-tourn"]
[EventCountry "AUT"]
[SourceTitle "playchess.com"]
[Source "ChessBase"]
[SourceQuality "1"]

{[%evp 16,113,0,-7,0,0,0,0,0,0,0,0,0,-3,0,0,0,0,0,0,0,0,0,0,0,0,0,0,0,0,0,0,0,0,0,0,0,0,5,10,14,11,16,0,0,0,0,0,10,10,10,0,14,0,0,0,0,0,0,0,0,0,0,0,0,0,0,0,0,0,12,0,0,0,0,0,0,0,0,0,0,0,0,0,0,0,0,-13,-13,-23,-23,-66,0,0,0,0,0,0,0,0]} 1. c4 g6 2. g3 Bg7 3. Bg2 Nf6 4. Nc3 O-O 5. d3 d6 6. e3 c6 7. Nge2 d5 8. cxd5 cxd5 9. d4 b6 {D71: Fianchetto Grünfeld: 3 g3 d5 sidelines and 5 cxd5 (without Nf3).} 10. Nf4 {[%cal Rc3d5] [#]} Bb7 $146 ({Predecessor:} 10... e6 11. O-O Bb7 12. b3 Nc6 13. Ba3 Re8 14. Rc1 Qd7 15. Re1 Ba6 16. Nd3 Bxd3 17. Qxd3 Rac8 {½-½ (33) Antoshin,V-Liebert,H Luhacovice 1971}) 11. h4 h5 12. b3 Re8 13. O-O e6 14. a4 Nc6 15. Ba3 Bf8 16. Bxf8 Rxf8 17. Qd2 Qe7 18. Rfc1 Rfd8 19. Nd3 Rac8 20. Rab1 Ba6 21. Nf4 Bb7 22. Qb2 a5 23. Na2 Ba6 24. Rc3 Nb4 25. Nxb4 Qxb4 26. Rbc1 Rxc3 27. Rxc3 Rc8 28. Rxc8+ Bxc8 29. Nd3 {Inhibits Qe1+.} Qd6 30. Qc3 Bb7 31. Qc2 Nd7 {[%cal Bf6d7,Bd7b8,Bb8c6][%mdl 32]} 32. Bf1 Kg7 33. Kg2 {[%cal Bg1g2,Bg2f2,Bf2e3,Be3d2][%mdl 32]} Nb8 34. f3 Nc6 35. Qc3 Ba6 36. Kf2 Bb7 37. e4 Kf8 38. e5 Qa3 39. Ke3 Kg7 40. Be2 Qe7 41. Nf4 Nb4 42. Bb5 Qd8 43. Kd2 Qe7 44. Ke3 Na2 45. Qb2 Nb4 46. Bd3 Nxd3 47. Kxd3 Ba6+ 48. Kc2 b5 49. Qc3 bxa4 50. bxa4 Bc4 51. Ng2 Qa7 52. Ne3 Be2 53. f4 (53. Ng2 $11) 53... Bf3 (53... Qa6 $15) 54. Qc5 $11 {The position is equal.} Qa6 {[#] White must now prevent ...Qe2+.} 55. Qb5 {Active counter play!} Qa7 56. Qc5 Qa6 {...Qe2+ is the strong threat.} (56... Qb7 $5 57. Qb5 Qc8+ 58. Qc5 Be4+ 59. Kb2 Qd8 $11) 57. Qb5 {Weighted Error Value: White=0.02 (flawless) /Black=0.02 (flawless)} 1/2-1/2